2020年中国大陆新生儿名字使用最多的50个汉字 - Statistics

General Stats
  • This quiz has been taken 366 times
  • The average score is 16 of 50
Answer Stats
排行 汉字 % Correct
2
83%
14
72%
1
70%
12
66%
3
62%
26
58%
17
55%
5
52%
8
51%
20
51%
10
48%
9
46%
24
45%
50
42%
43
41%
32
39%
13
38%
4
35%
23
33%
15
32%
19
32%
31
32%
36
32%
7
31%
34
31%
22
27%
38
26%
35
25%
16
22%
28
21%
29
21%
48
21%
6
20%
11
20%
18
19%
25
19%
33
18%
46
18%
49
18%
39
17%
41
17%
21
15%
37
15%
45
15%
30
14%
40
13%
27
10%
42
8%
47
8%
44
7%
No matching quizzes found
Score Distribution
Percent of People with Each Score
Percentile by Number Answered
Your Score History
You have not taken this quiz